000 00482cam a2200205ua 4500
001 7471
005 20260515114221.0
008 141211n ii |||gr||||Z||||||ben
040 _cMAIN
041 _aben
082 _a294.5
100 _aMazumdar, S. Ch.,
_eEditor.
245 1 _aRamayan
_cEdited by Subudh Chandra Mazumdar
250 _a1st.
260 _aCalcutta:
_bDeb,
_c1993.
300 _a680p.
653 _aReligions ofIndic origin
653 _aHinduism
942 _cBK
999 _c6589
_d6589